| 000 | 00394nam a2200121Ia 4500 | ||
|---|---|---|---|
| 008 | 170221s9999 xx 000 0 und d | ||
| 100 | _aMuhammad Tahir Suleman | ||
| 245 | _aStock Market Reaction to Terrorist Attacks: Empirical Evidence from a Front Line State | ||
| 245 | _cMuhammad Tahir Suleman | ||
| 260 | _c2012 | ||
| 650 | _xBusiness | ||
| 856 | _uhttp://ro.uow.edu.au/aabfj/vol6/iss1/15/ | ||
| 999 |
_c309733 _d309733 |
||